书目信息 |
| 题名: |
清洁技术知识产权
|
|
| 作者: | 莱恩 著 | |
| 分册: | ||
| 出版信息: | 北京 知识产权出版社 2019.08 |
|
| 页数: | 252页 | |
| 开本: | 24cm | |
| 丛书名: | ||
| 单 册: | ||
| 中图分类: | X38 , D923.404 | |
| 科图分类: | ||
| 主题词: | 无污染技术--wu wu ran ji shu--知识产权--研究--中国 | |
| 电子资源: | ||
| ISBN: | 978-7-5130-6352-4 | |
| 000 | 01276nam0 2200289 450 | |
| 001 | 0100015742 | |
| 005 | 20200929160439.0 | |
| 010 | @a978-7-5130-6352-4@dCNY100.00 | |
| 100 | @a20190929d2019 em y0chiy50 ea | |
| 101 | 1 | @achi@ceng |
| 102 | @aCN@b110000 | |
| 105 | @aa a 000yy | |
| 106 | @ar | |
| 200 | 1 | @a清洁技术知识产权@Aqing jie ji shu zhi shi chan quan@f(美) 埃里克·L.莱恩著@d= Clean tech intellectual property@e生态标记、绿色专利和绿色创新@fEric L. Lane@g本书翻译组译@zeng |
| 210 | @a北京@c知识产权出版社@d2019.08 | |
| 215 | @a252页@c图@d24cm | |
| 314 | @a埃里克·L.莱恩, 加州圣地亚哥Luce, Forward, Hamiiton & Scripps LLP的知识产权律师和美国注册专利师。 | |
| 320 | @a有书目 | |
| 330 | @a本书共分四部分 ; 第一部分为清洁技术出谋划策: 绿色专利申请, 专利组合和许可、第二部分庭审中的清洁技术、第三部分绿色品牌, 漂绿和生态标记执法、第四部分绿色专利政策, 倡议和辩论。 | |
| 500 | 10 | @aClean tech intellectual property@mChinese |
| 517 | 1 | @a生态标记、绿色专利和绿色创新@Asheng tai biao ji 、lv se zhuan li he lv se chuang xin |
| 606 | 0 | @a无污染技术@Awu wu ran ji shu@x知识产权@x研究@y中国 |
| 690 | @aX38@v5 | |
| 690 | @aD923.404@v5 | |
| 701 | 1 | @a莱恩@Alai en@g(Lane, Eric L.)@4著 |
| 801 | 0 | @aCN@c20190929 |
| 905 | @a河南城建学院图书馆@dX38@f1@eL026 | |
| 清洁技术知识产权/(美) 埃里克·L.莱恩著= Clean tech intellectual property:生态标记、绿色专利和绿色创新/Eric L. Lane/本书翻译组译.-北京:知识产权出版社,2019.08 |
| 252页:图;24cm |
| ISBN 978-7-5130-6352-4:CNY100.00 |
| 本书共分四部分 ; 第一部分为清洁技术出谋划策: 绿色专利申请, 专利组合和许可、第二部分庭审中的清洁技术、第三部分绿色品牌, 漂绿和生态标记执法、第四部分绿色专利政策, 倡议和辩论。 |
| ● |
| 相关链接 |
|
|
|
正题名:清洁技术知识产权
索取号:X38/L026
 
预约/预借
| 序号 | 登录号 | 条形码 | 馆藏地/架位号 | 状态 | 备注 |
| 1 | 1492297 | 214922976 | 自科库501/501自科库 67排2列5层/ [索取号:X38/L026] | 在馆 |